Quaderns de Treball /
MARC
| LEADER | 00000nas a22000007a 4500 | ||
|---|---|---|---|
| 001 | 7841, 7842, 7843, 7844 | ||
| 003 | AGDB | ||
| 005 | 20260324181519.0 | ||
| 008 | 230814b spa||||| |||| 00| 0 cat d | ||
| 017 | |a B 26645-1979 | ||
| 022 | |a 0210-8291 | ||
| 040 | |a agdb |b cat | ||
| 041 | |a cat |a spa | ||
| 245 | |a Quaderns de Treball / |c Institut de Prehistòria i Arqueologia de la Diputació de Barcelona ; Departament de Prehistòria i Arqueologia de la Universitat Autònoma de Barcelona | ||
| 260 | |a Barcelona : |b Institut de Prehistòria i Arqueologia de la Diputació de Barcelona . |b Departament de Prehistòria i Arqueologia de la Universitat Autònoma de Barcelona ; |c 1979- | ||
| 300 | |a 4 vols. ; |b il·lustracions b/n ; gràfics ; periodicitat: anual amb irregularitats ; |c 34 cm | ||
| 306 | |a Núm. 1 (1978)- | ||
| 310 | |a Anual | ||
| 504 | |a Bibliografia al final de cada número. | ||
| 505 | |a Núm. 2 (1979): |t La Palinología aplicada a la arqueología. Métodos, límites y resultados / |r Arlette Leroi-Gourhan ; Josette Renault-Miskovsky | ||
| 505 | |a Núm. 4 (1981): |t Epigrafía Ampuritana (1953-1980) / |r María José Pena Gimeno | ||
| 505 | |a Núm. 5 (1982): |t Assaig d'una terminologia de la ceràmica antiga en català / |r Roger Marcet i Barbé ; Miquel Llongueras i Campañà | ||
| 505 | |a Núm. 6 (1984): |t El jaciment ibèric de l'Argilera i el poblament protohistòric del Baix Penedès / |r Joan Sanmartí ; Joan Santacana ; Ramon Serra | ||
| 508 | |a Cada número és monogràfic. | ||
| 588 | |a Descripció basada en núm. 6 (1984). | ||
| 650 | 0 | |2 Arxiu |9 39685 |a Arqueologia |x Revistes | |
| 650 | 0 | |9 34340 |a Arqueologia |z Catalunya | |
| 650 | 0 | |2 Arxiu |9 33940 |a Prehistòria |x Revistes | |
| 650 | 0 | |2 Arxiu |9 46625 |a Prehistòria |x Catalunya | |
| 655 | 0 | |9 55823 |a Revistes | |
| 710 | 2 | |9 52785 |a Institut de Prehistòria i Arqueologia (Barcelona, Catalunya) | |
| 710 | |9 69871 |a Universitat Autònoma de Barcelona. |b Departament de Prehistòria i Arqueologia | ||
| 866 | 0 | 0 | |a 1979 (2) |
| 866 | 0 | 0 | |a 1981 (4) |
| 866 | 0 | 0 | |a 1982 (5) |
| 866 | 0 | 0 | |a 1984 (6) |
| 942 | |2 udc |c REV |n 1 | ||
| 952 | |0 0 |1 0 |4 0 |6 REV2282 |7 1 |9 96102 |a Arxiu |b Arxiu |d 2023-08-14 |h Núm. 2 (1979) |l 0 |o Rev-2282 |p 7841 |r 2023-08-14 00:00:00 |w 2023-08-14 |y ARXIU | ||
| 952 | |0 0 |1 0 |4 0 |6 REV2283 |7 1 |9 96103 |a Arxiu |b Arxiu |d 2023-08-14 |h Núm. 4 (1981) |o Rev-2283 |p 7842 |r 2023-08-14 00:00:00 |w 2023-08-14 |y ARXIU | ||
| 952 | |0 0 |1 0 |4 0 |6 REV2284 |7 1 |9 96104 |a Arxiu |b Arxiu |d 2023-08-14 |h Núm. 5 (1982) |l 0 |o Rev-2284 |p 7843 |r 2023-08-14 00:00:00 |w 2023-08-14 |y ARXIU | ||
| 952 | |0 0 |1 0 |4 0 |6 REV2285 |7 1 |9 96105 |a Arxiu |b Arxiu |d 2023-08-14 |h Núm. 6 (1984) |l 0 |o Rev-2285 |p 7844 |r 2023-08-14 00:00:00 |w 2023-08-14 |y ARXIU | ||
| 999 | |c 128067 |d 128067 | ||